000
00440nam a2200169Ia 4500
008
090123s9999 xx 000 0 und d
082
_b
1763
100
_a
इब्ने शफी
245
_a
हयात जादू
250
_a
0
300
_a
106
600
_a
इब्ने शफी
630
_a
हयात जादू
700
_a
इब्ने शफी
730
_a
हयात जादू
942
_c
BOOK
999
_c
39845
_d
39845